Establishment of washing machines for hire in Tanay, Rizal / (Record no. 76259)

MARC details
000 -LEADER
fixed length control field 00963nam a22002297i 4500
003 - CONTROL NUMBER IDENTIFIER
control field URS
005 - DATE AND TIME OF LATEST TRANSACTION
control field 20250313191200.0
008 - FIXED-LENGTH DATA ELEMENTS--GENERAL INFORMATION
fixed length control field 190131b ||||| |||| 00| 0 eng d
040 ## - CATALOGING SOURCE
Language of cataloging eng
Description conventions rda
Transcribing agency UIRS Pililla Library
082 00 - DEWEY DECIMAL CLASSIFICATION NUMBER
Item number FS BSBA FM3 2014
100 1# - MAIN ENTRY--PERSONAL NAME
Personal name Castro, Yuan Mae O.
Relator term researcher
245 10 - TITLE STATEMENT
Title Establishment of washing machines for hire in Tanay, Rizal /
Statement of responsibility, etc. Yuan Mae O. Castro
300 ## - PHYSICAL DESCRIPTION
Extent xiii, 50 leaves;
Dimensions 29 cm.
336 ## - CONTENT TYPE
Content type term text
Content type code txt
Source rdacontent
337 ## - MEDIA TYPE
Media type term unmediated
Media type code n
Source rdamedia
338 ## - CARRIER TYPE
Carrier type term volume
Carrier type code nc
Source rdacarrier
502 ## - DISSERTATION NOTE
Dissertation note Undergraduate Feasibility Study
Degree type Bachelor of Science in Business Administration Major in Financial Management
Name of granting institution University of Rizal System Pililla
700 1# - ADDED ENTRY--PERSONAL NAME
Personal name Montealegre, Jerome
Relator term adviser
856 ## - ELECTRONIC LOCATION AND ACCESS
Materials specified Online Request for Student Unpublished Works
Uniform Resource Identifier <a href="https://forms.gle/7LqvGGkaDrUQqz429">https://forms.gle/7LqvGGkaDrUQqz429</a>
856 ## - ELECTRONIC LOCATION AND ACCESS
Uniform Resource Identifier <a href="https://drive.google.com/file/d/1xa5LAJPLk--ucCE7Is7Dyj13THvd6bqJ/view?usp=sharing">https://drive.google.com/file/d/1xa5LAJPLk--ucCE7Is7Dyj13THvd6bqJ/view?usp=sharing</a>
942 ## - ADDED ENTRY ELEMENTS (KOHA)
Source of classification or shelving scheme Dewey Decimal Classification
Koha item type Theses and dissertations

No items available.

University of Rizal System
Email us at univlibservices@urs.edu.ph

Visit our Website www.urs.edu.ph/library